000 01173nam a2200277 a 4500
003 BLK
005 20241213104141.0
008 230327b bu |||||r|||| 00| | bu d
020 _a978-619-265-030-8
_q9786192650308
040 _aBLK
041 _aBUL
_cBUL
080 _aАвстрийска литература
_b821.112.2(436)
_x-311.6
_z821.112.2(436)-311.6
084 _aП 15
100 _9487192
_aПалка, Кърт
245 _aГрехът на пианистката
_bроман
_cКърт Палка; прев. от англ. Мартин Касабов.
257 _aAUT
260 _9209932
_aСофия
_bКръг
_c2023
_n954-9832-
_fКостинброд: Мултипринт ООД
300 _a296 с.
_c20 см
380 _aX
500 _aОриг. загл.: The Piano Maker / Kurt Palka. - Биогр. данни за авт. отбелязани на гърба на кор.
700 _aКасабов, Мартин
_9401621
852 _aЦб 323578
_bЦб
942 _cKNG
_n0
_s1
_01
944 _cДиана Гривева
_k30530
_lМинев Младен
999 _c498464
_d498464